Electrochemical methods : (Record no. 2403)

MARC details
000 -LEADER
fixed length control field 00770nam a22002412 4500
001 - CONTROL NUMBER
control field 0000004038
005 - DATE AND TIME OF LATEST TRANSACTION
control field 20151217145750.0
008 - FIXED-LENGTH DATA ELEMENTS--GENERAL INFORMATION
fixed length control field 070518s xx 000 0 eng d
020 ## - INTERNATIONAL STANDARD BOOK NUMBER
International Standard Book Number 0471043729 :
Terms of availability GBP 89.95
040 ## - CATALOGING SOURCE
Original cataloging agency KABU
Transcribing agency KABU
050 #0 - LIBRARY OF CONGRESS CALL NUMBER
Classification number QD553
Item number .B37 2001
100 1# - MAIN ENTRY--PERSONAL NAME
Personal name Bard, Allen J.
-- 0000154378
245 10 - TITLE STATEMENT
Title Electrochemical methods :
Remainder of title fundamentals and applications /
Statement of responsibility, etc. Allen J. Bard, Lary R. Faulkher.
250 ## - EDITION STATEMENT
Edition statement 2nd ed.
260 ## - PUBLICATION, DISTRIBUTION, ETC. (IMPRINT)
Place of publication, distribution, etc. Hoboken, NJ :
Name of publisher, distributor, etc. J. Wiley,
Date of publication, distribution, etc. 2001.
300 ## - PHYSICAL DESCRIPTION
Extent xxi, 833 p.
650 #0 - SUBJECT ADDED ENTRY--TOPICAL TERM
Topical term or geographic name as entry element Electrochemistry.
-- 0000154379
700 1# - ADDED ENTRY--PERSONAL NAME
Personal name Faulkher, Larry R.
-- 0000154380
908 ## - PUT COMMAND PARAMETER (RLIN)
Put command parameter 070518
950 ## - LOCAL HOLDINGS (RLIN)
-- 1
Holdings
Withdrawn status Lost status Source of classification or shelving scheme Not for loan Home library Current library Date acquired Total Checkouts Full call number Barcode Date last seen Price effective from Koha item type
    Library of Congress Classification   Kabarak, Main Campus Kabarak, Main Campus 17/12/2015   QD553 .B37 2001 006309 17/12/2015 17/12/2015 General Collection
    Library of Congress Classification   Kabarak, Main Campus Kabarak, Main Campus 17/12/2015   QD553 .B37 2001 006310 17/12/2015 17/12/2015 General Collection
Designed with assistance from East African Informatics Ltd